| 000 | 00423 a2200133 4500 | ||
|---|---|---|---|
| 001 | 87789 | ||
| 082 | _aPR 166 | ||
| 090 |
_c41249 _d41249 |
||
| 100 | _aNaveed Ur Rehman, Plt Off 15511 70 EC | ||
| 245 | _aComparison of Mechanical behavior of 7075-T6 Aluminum alloy and 7075-T73 aluminum alloy materials | ||
| 260 |
_aRisalpur _bNUST Risalpur _c2011 |
||
| 300 |
_a59p. _eShakeel Safdar, Wg Cdr |
||
| 500 | _aBE Project Reports | ||
| 942 |
_aCAE NUST _kPR 166 |
||
| 999 |
_c322862 _d322862 |
||